|
|
|
|
| LEADER |
00000nam0a2200000 4500 |
| 001 |
274245 |
| 005 |
20231101234717.0 |
| 020 |
|
|
|a RU
|b 85-101389
|
| 035 |
|
|
|a (RuTPU)RU\TPU\book\297455
|
| 090 |
|
|
|a 274245
|
| 100 |
|
|
|a 20141101d1985 m y0rusy5003 ca
|
| 101 |
0 |
|
|a rus
|
| 102 |
|
|
|a RU
|
| 105 |
|
|
|a y j 001zy
|
| 200 |
1 |
|
|a Технология автоматизированной обработки данных и организация работы ВЦ
|e учебное пособие
|f В. Т. Радченко, Г. М. Островская
|
| 210 |
|
|
|a Москва
|c Энергоатомиздат
|d 1985
|
| 215 |
|
|
|a 280 с.
|
| 320 |
|
|
|a Библиогр.: с. 275
|
| 320 |
|
|
|a Алф. указ.: с. 276-277
|
| 606 |
1 |
|
|a Обработка данных
|2 stltpush
|3 (RuTPU)RU\TPU\subj\46586
|9 65706
|
| 610 |
1 |
|
|a вычислительные центры
|
| 610 |
1 |
|
|a автоматизированная обработка
|
| 610 |
1 |
|
|a машинная обработка
|
| 610 |
1 |
|
|a управление
|
| 610 |
1 |
|
|a АСУ
|
| 610 |
1 |
|
|a автоматизированные системы управления
|
| 610 |
1 |
|
|a технологические процессы
|
| 610 |
1 |
|
|a информационное обеспечение
|
| 610 |
1 |
|
|a экономическая эффективность
|
| 610 |
1 |
|
|a учебные пособия
|
| 675 |
|
|
|a 681.3.01(075.8)
|v 3
|
| 700 |
|
1 |
|a Радченко
|b В. Т.
|g Владимир Тимофеевич
|
| 701 |
|
1 |
|a Островская
|b Г. М.
|g Галина Михайловна
|
| 801 |
|
0 |
|a RU
|b RuMRKP
|c 19950704
|g psbo
|
| 801 |
|
1 |
|a RU
|b 63413507
|c 20141101
|
| 801 |
|
2 |
|a RU
|b 63413507
|c 20170323
|g RCR
|
| 942 |
|
|
|c BK
|